000 00714nam a22002297a 4500
005 20170124110012.0
010 _a975336
020 _c00.00
035 _a975336
037 _bCen Lib/Ret
040 _aDPL
_bEN
082 _a332.4954
_bGUP
100 _aGupta, Suraj B.
_917979
245 _aMonetary planning for india /
_cby Suraj B. Gupta
260 _aNew Delhi
_bOxford University Press
_c1979
270 _a2/11, ansari road, dariya ganj
_bNew Delhi
_e110002
300 _aviii, 240p.
_c21cm(Hb)
500 _aIncludes bibliographical references and index
650 _aMonetary planning
_917980
650 _aMoney supply analysis
_917981
942 _2ddc
_cEN
_h332.4954
_mGUP
999 _c126611
_d126611